Gissa språket #2 - Statistics

General Stats
  • This quiz has been taken 26 times
  • The average score is 3 of 10
Answer Stats
Exempel Språk % Correct
God verzamelde al het water aan de onderkant van de aarde en zo kwam er droge grond tevoorschijn. Nederländska
90%
於是去投靠那地方的一个人;那人打发他到田里去放猪。 Yúshì qù tóukào nà dìfāng de yīgè rén; nà rén dǎfā tā dào tián lǐ qù fàng zhū. Mandarin
76%
Yacuiquita achcata cconqui ñinquitac Amalia Ccoyanchicmi huañuncurccan Chayhuan puticuspa hutachinaipacc Soccoi tocuita. Limpic chaccha mayo, suchurillay chaquiñyta ttasnuripa Ccapac sacha mallqui, llantuicullay huateccaita aiquerispa. Klassisk {quechua}
14%
Nisy olona iray nanana zanaka mirahalahy. Ary hoy ilay zandriny tamin'ny rainy: Raiko ô! Omeo ahy ny anjara fananana tokony ho ahy. Dia nozarainy tamin'izy mirahalahy ny fananany. Malagassiska
14%
Nos fader, tådě tåi jis vå něbiśau, sjǫtă mo vårdot tüji jaimą. Tüj rik komă, tüjă viľă mosă šińot vå něbiśau kăk vėsai sokvoi no zimě. Polabiska
14%
« Atand ! » Papa Rwatelé i di, « Mi sa trouv a li. Fo pa avwar pèr, zanfans. Mi va trap a li. » Alor li la vol apré li. {Réunion}s kreol
14%
Li leve vre, li pran chemen tounen kay papa li. ― Mesye te byen lwen kay la toujou lè papa a wè li. Kè papa a fè l mal, li kouri al rankontre l, li pase men l nan kou pitit la epi li bo li. Haitisk kreol
10%
Ku ulun nya nyaut, "Menyadi nuan udah datai, lalu apai nuan udah nyayat anak sapi ti pemadu gemu, laban menyadi nuan udah pulai enggau selamat." Iban
10%
Ao e tei rake, ao e nako n tamana. Ao ngke e mena i kiraroa, ao e noria tamana, ao e nanoangaia, ao e biri, ao e rab'atia, n inga nako ina. Kiribatiska
10%
¿Jaisakai inika'a yaak? Bwe'ituk aapo am aniapean. Jesusta yaaka'u yea bittuak a Achaiwata waata'u, bwe'ituk Lioj jume jiokot emo bichame am aniapea. Yaqui
10%
No matching quizzes found
Score Distribution
Percent of People with Each Score
Percentile by Number Answered
Your Score History
You have not taken this quiz